| 000 | 00791cam a22002414a 4500 | ||
|---|---|---|---|
| 001 | 14777180 | ||
| 005 | 20180302085521.0 | ||
| 008 | 070321s2007 waua b 001 0 eng | ||
| 010 | _a 2007011652 | ||
| 020 | _a9781929242443 (pbk. : alk. paper) | ||
| 020 | _a1929242441 | ||
| 040 |
_aDLC _cDLC _dDLC |
||
| 041 | _aeng | ||
| 080 | _a636.70887 KIL | ||
| 082 | 0 | 0 |
_a636.70887 KIL _222 |
| 100 | 1 | _a7 | |
| 101 | _aZOO | ||
| 245 | 1 | 0 |
_aWhen pigs fly! : _cJane Killion. |
| 504 | _aIncludes bibliographical references and index. | ||
| 906 |
_a7 _bcbc _corignew _d1 _eecip _f20 _gy-gencatlg |
||
| 942 |
_2ddc _cBK |
||
| 999 |
_c44092 _d44092 |
||